00551nam a2200229Ia 450000500170000000800460001702000180006303700100008104000080009104000080009904000080010704100080011504100080012308400080013110000210013924500630016026000230022326000090024636500050025536500080026085600530026820260324135022.0008 260324s9999 xx 000 0 eng d a9780429037276 aEBOOK aCRL beng cCRL 2eng aeng qCRL aHoward J. Wiarda 3aAn Introduction To Latin American Politics And Development bTaylor and Francis c2001 a b230 uhttp://www.taylorfrancis.com/books/9780429037276